000 00507nam a2200205 a 4500
999 _c4659
_d4659
001 4659
003 BD-JhCC
005 20171129172433.0
008 171129s1962 bg |||| ||a| 001 0 eng d
035 _a(BD-JhCC)4659
040 _aBD-JhCC
_dBD-JhCC
041 _aeng
082 _a820.4
_bINT 1962
245 _aIntermediate English Book Two /
260 _aDelhi :
_bOxford University Press,
_c1973.
300 _a251 p. :
_c18 cm.
650 _aEnglish Literature
942 _2ddc
_cBK